Normal view
MARC view
Entry Personal Name
001 - CONTROL NUMBER
- control field: 11666
003 - CONTROL NUMBER IDENTIFIER
- control field: ARRUPE
005 - DATE AND TIME OF LATEST TRANSACTION
- control field: 20140925132020.0
008 - FIXED-LENGTH DATA ELEMENTS
- fixed length control field: 140925|| aca||aabn | a|a d
040 ## - CATALOGING SOURCE
- Original cataloging agency: ARRUPE
- Transcribing agency: ARRUPE
100 ## - HEADING--PERSONAL NAME
- Personal name: Ncube, Petronella Sr.
670 ## - SOURCE DATA FOUND
- Source citation: Work cat.: (ARRUPE): Ncube, Petronella Sr., Transformed and Radiant, 2014